Města Pardubického kraje : Pardubice, Chrudim, Svitavy, Česká Třebová, Ústí nad Orlicí, Vysoké Mýto, Moravská Třebová, Hlinsko, Litomyšl, Lanškroun, Polička /
Uloženo v:
| Hlavní autor: | |
|---|---|
| Další autoři: | |
| Médium: | Kniha |
| Jazyk: | Czech |
| Vydáno: |
Pardubice :
e-smile.cz,
2015
|
| Vydání: | 1. vyd. |
| Témata: | |
| Celkem bylo vypůjčeno: | 15x |
| Tagy: |
Žádné tagy |
| LEADER | 01860nam a2200433 a 4500 | ||
|---|---|---|---|
| 001 | 87144 | ||
| 005 | 20230721094043.0 | ||
| 008 | 150414s2015----xr ---------u-------cze-d | ||
| 015 | |a cnb002664744 | ||
| 020 | |a 978-80-88050-00-1 |c 189.00 Kč | ||
| 040 | |a UOG502 |e AACR2 |9 1 |b cze | ||
| 072 | 7 | |a 904 |x Kulturní památky historického období obecně |2 Konspekt | |
| 080 | |a 711.4 | ||
| 080 | |a 904 | ||
| 080 | |a 908(437) | ||
| 100 | 1 | |a Rozehnal, Vladimír, |d 1942- |7 ola2015862005 |4 aut |9 26242 | |
| 245 | 1 | 0 | |a Města Pardubického kraje : |b Pardubice, Chrudim, Svitavy, Česká Třebová, Ústí nad Orlicí, Vysoké Mýto, Moravská Třebová, Hlinsko, Litomyšl, Lanškroun, Polička / |c Vladimír Rozehnal ; [fotografie Vladimír Rozehnal, Tomáš Rozehnal] |
| 250 | |a 1. vyd. | ||
| 260 | |a Pardubice : |b e-smile.cz, |c 2015 | ||
| 300 | |a 123 s. : |b barev. il., plány ; |c 24 cm | ||
| 650 | 0 | 4 | |a města |
| 650 | 0 | 4 | |a kulturní památky |
| 650 | 0 | 4 | |a regiony |
| 650 | 0 | 4 | |a vlastivěda |9 52111 |
| 650 | 0 | 4 | |a kultura |
| 650 | 0 | 4 | |a architektura |
| 650 | 0 | 4 | |a regionální literatura |
| 651 | 4 | |a Česko |9 52152 | |
| 651 | 4 | |a Pardubický kraj (Česko : 2000-) | |
| 651 | 4 | |a Čechy východní (Česko) | |
| 651 | 4 | |a Pardubice (Česko : oblast) | |
| 655 | 4 | |a průvodce | |
| 655 | 4 | |a populárně-naučné publikace | |
| 700 | 1 | |a Rozehnal, Tomáš |7 xx0070079 |4 pht |9 26243 | |
| 910 | |a UOG502 | ||
| 942 | 0 | 0 | |0 0 |
| 999 | |d 87144 | ||
| 993 | |0 0 |1 421180083587 |4 0 |6 908_437000000000000 |7 0 |9 63591 |a 170.10 |b 0 |c 83587 |d 2015-10-16 |e 15 |f DOSP |g 908.437 |h 189.00 |i Knihkupectví Flétna Ústí nad Orlicí |j 127 |l DOSP |r 2026-03-05 |s 2026-01-23 |t 5 |w 2017-09-19 |y KN |z NAUCNA |v V | ||
| 993 | |0 0 |1 421180082580 |4 0 |6 ST_908_437000000000000 |7 1 |9 72667 |a 141.75 |b 0 |c 82580 |d 2015-04-14 |e 0 |f DOSP |g 908.437 |h 189.00 |i Josef Ambros, knihkupectví, 562 01 Ústí |l DOSP |r 2021-02-09 |t 5 |w 2017-12-29 |y KN |z ST |v B | ||